Online
Catalog

De dónde son los cubanos / (Record no. 24785)

MARC details
000 -CABECERA
campo de control de longitud fija 00628nam a2200181 a 4500
001 - NÚMERO DE CONTROL
campo de control 000025292
005 - FECHA Y HORA DE LA ÚLTIMA TRANSACCIÓN
campo de control 20200930023704.0
008 - DATOS DE LONGITUD FIJA--INFORMACIÓN GENERAL
campo de control de longitud fija 110214s2006 cb 000 0 spa d
020 ## - NÚMERO INTERNACIONAL ESTÁNDAR DEL LIBRO
Número Internacional Estándar del Libro 9789590610226
020 ## - NÚMERO INTERNACIONAL ESTÁNDAR DEL LIBRO
Número Internacional Estándar del Libro 9789590610226
040 ## - FUENTE DE LA CATALOGACIÓN
Centro catalogador/agencia de origen DO-SdBNP
Lengua de catalogación spa
Centro/agencia transcriptor BNPHU
049 ## - FONDOS LOCALES (OCLC)
Fondos de biblioteca BNPD
245 00 - MENCIÓN DE TÍTULO
Título De dónde son los cubanos /
Mención de responsabilidad, etc. Raimundo gómez Navia [et.al]...; cordinadora y redactora Graciela Chailloux Laffita.
260 ## - PUBLICACIÓN, DISTRIBUCIÓN, ETC.
Lugar de publicación, distribución, etc. La Habana :
Nombre del editor, distribuidor, etc. Editorial Ciencia Sociales de La Habana,
Fecha de publicación, distribución, etc. 2006.
Nombre del editor, distribuidor, etc. il., retrs.
300 ## - DESCRIPCIÓN FÍSICA
Extensión 231 P. ;
Dimensiones 22 cm.
700 1# - PUNTO DE ACCESO ADICIONAL--NOMBRE DE PERSONA
Nombre de persona gómez Navia, Raimundo
9 (RLIN) 51817
700 1# - PUNTO DE ACCESO ADICIONAL--NOMBRE DE PERSONA
Nombre de persona Chailloux Laffita, Graciela
9 (RLIN) 51818
Holdings
Estado de retiro Estado de pérdida Restricciones de uso No para préstamo Código de colección Localización permanente Ubicación/localización actual Ubicación en estantería Fecha de adquisición Número de inventario Total de préstamos Signatura topográfica completa Código de barras Fecha visto por última vez Precio válido a partir de Tipo de ítem Koha
      Excluido de préstamo Monografías: Libros y Folletos Patrimonio Dominicano Patrimonio Dominicano En catalogación 14.02.2011 LF1   25292-10 25.06.2020 25.06.2020 No se presta

Powered by Koha